000 00732nam a2200241Ia 4500
001 2603
003 GE_BSU
008 181216s||||||||xx |||||||||||||| ||und||
020 _a5520004692
040 _cGE_BSU
080 _a39(479.22)
100 _aჩიქოვანი, თ.
245 _aეთნოარქეოლოგიური ეტიუდები.
245 _cრედ.თ მიქელაძე.
260 _aთბილისი
260 _bმეცნიერება
260 _c1989
300 _a87გვ.21სმ
520 _aრეზ. რუს. ენ
541 _h4 ლ.
653 _aეთნოარქეოლოგიური ეტიუდები
942 _cBK
999 _c36676
_d36676